000 00239nam a22000857a 4500
008 160711b xxu||||| |||| 00| 0 eng d
100 _92605
_a Dreamland Publication
245 _aThe Big Pancake
260 _aNew Delhi
_bDreamland Publication
_c2004
999 _c2261
_d2261